000 004230000a22001690004500
041 0 _aPOR
082 0 4 _aG 259.4 Z27c
100 1 _aZandrino, Ricardo
245 1 0 _aCurar também é tarefa da Igreja / Ricardo Zandrino
260 _aSao Paulo, Brasil
300 _a92 Pag
001 6670
942 _cBK
999 _c36938
_d36938
336 _atexto
_btxt
_2rdacontent
337 _2rdamedia
_asin mediación
_bn
338 _2rdacarrier
_avolumen
_bnc